000 00464nam a2200193Ia 4500
001 13434
003 GE_BSU
008 181216s||||||||xx |||||||||||||| ||und||
040 _cGE_BSU
080 _a821.111-32
100 _aLawren,D.H.
245 _aThree Novellas:The Ladybird:The fox:The Captain Doll
260 _aLondon
260 _bPenguin Books
260 _c1971
300 _a252p.17cm.
653 _aThree Novellas:The Ladybird:The fox
942 _cBK
999 _c46594
_d46594